All Rage Against The Machine Songs - Statistics

General Stats
  • This quiz has been taken 122 times
  • The average score is 24 of 45
Answer Stats
Hint Answer % Correct
Rage Against The Machine Bombtrack
96%
Killing In The Name
96%
Bulls On Parade
90%
Guerrilla Radio
82%
Wake Up
82%
Know Your Enemy
81%
Evil Empire People Of The Sun
77%
Sleep Now In The Fire
77%
Renegades Of Funk
76%
Bullet In The Head
74%
Take The Power Back
74%
The Battle Of Los Angeles Testify
73%
Township Rebellion
69%
Freedom
68%
Vietnow
64%
Settle For Nothing
63%
Fistful Of Steel
62%
Down Rodeo
60%
Revolver
59%
Calm Like A Bomb
58%
Maria
58%
Maggie's Farm
53%
Snakecharmer
51%
The Ghost Of Tom Joad
51%
Born Of A Broken Man
49%
Mic Check
46%
Tire Me
44%
Year Of Tha Boomerang
44%
Pistol Grip Pump
42%
Ashes In The Fall
37%
Renegades Microphone Fiend
36%
Roll Right
35%
Born As Ghosts
32%
I'm Housin
32%
Without A Face
32%
Kick Out The Jams
31%
War Within A Breath
31%
Wind Below
31%
New Millennium Homes
29%
Street Fighting Man
29%
Voice Of The Voiceless
29%
Down On The Street
28%
Beautiful World
24%
In My Eyes
23%
How Could I Just Kill A Man
22%
No matching quizzes found
Score Distribution
Percent of People with Each Score
Percentile by Number Answered
Your Score History
You have not taken this quiz